Managerial economics and business strategy / (Record no. 99290)

MARC details
000 -LEADER
fixed length control field 01222cam a2200325 a 4500
001 - CONTROL NUMBER
control field 3052053
003 - CONTROL NUMBER IDENTIFIER
control field URS
005 - DATE AND TIME OF LATEST TRANSACTION
control field 20260326151014.0
008 - FIXED-LENGTH DATA ELEMENTS--GENERAL INFORMATION
fixed length control field 960415s1997 ilua b 001 0 eng
010 ## - LIBRARY OF CONGRESS CONTROL NUMBER
LC control number 96017337
020 ## - INTERNATIONAL STANDARD BOOK NUMBER
International Standard Book Number 0256179557
020 ## - INTERNATIONAL STANDARD BOOK NUMBER
International Standard Book Number 9780256179552
040 ## - CATALOGING SOURCE
Original cataloging agency DLC
Transcribing agency DLC
Modifying agency URS
Language of cataloging eng
Description conventions rda
050 14 - LIBRARY OF CONGRESS CALL NUMBER
Classification number HD30.22
Item number .B3409 1997
100 1# - MAIN ENTRY--PERSONAL NAME
Personal name Baye, Michael R.,
Dates associated with a name 1958-
245 10 - TITLE STATEMENT
Title Managerial economics and business strategy /
Statement of responsibility, etc. Michael R. Baye.
250 ## - EDITION STATEMENT
Edition statement Second edition-
264 #1 - PRODUCTION, PUBLICATION, DISTRIBUTION, MANUFACTURE, AND COPYRIGHT NOTICE
Place of production, publication, distribution, manufacture Boston:
Name of producer, publisher, distributor, manufacturer Irwin McGraw-Hill,
Date of production, publication, distribution, manufacture, or copyright notice c1997.
300 ## - PHYSICAL DESCRIPTION
Extent xxiii, 562 pages :
Other physical details illustrations ;
Dimensions 24 cm +
Accompanying material 1 computer disk (3 1/2 in.)
336 ## - CONTENT TYPE
Content type term text
Content type code txt
Source rdacontent
337 ## - MEDIA TYPE
Media type term unmediated
Media type code n
Source rdamedia
338 ## - CARRIER TYPE
Carrier type term volume
Carrier type code nc
Source rdacarrier
440 #4 - SERIES STATEMENT/ADDED ENTRY--TITLE
Title The Irwin series in economics
500 ## - GENERAL NOTE
General note Includes appendices.
504 ## - BIBLIOGRAPHY, ETC. NOTE
Bibliography, etc. note Includes bibliographical references and indexes.
538 ## - SYSTEM DETAILS NOTE
System details note System requirements for accompanying computer disk: IBM PC or 100% compatible with Microsoft Windows 3.1 or higher, and Microsoft Excel 4.0 or higher.
650 #0 - SUBJECT ADDED ENTRY--TOPICAL TERM
Topical term or geographic name entry element Managerial economics.
650 #0 - SUBJECT ADDED ENTRY--TOPICAL TERM
Topical term or geographic name entry element Strategic planning.
942 ## - ADDED ENTRY ELEMENTS (KOHA)
Source of classification or shelving scheme Library of Congress Classification
Koha item type Foreign Books
Edition second edition
Classification part HD30.22
Item part .B3409 1997
Holdings
Withdrawn status Source of classification or shelving scheme Damaged status Not for loan Home library Current library Shelving location Date acquired Total Checkouts Full call number Barcode Date last seen Price effective from Koha item type
  Library of Congress Classification     Angono College Library Angono College Library Foreign Section 03/24/2026   HD30.22 .B3409 1997 URSANG-4056 03/24/2026 03/24/2026 Foreign Books

University of Rizal System
Email us at univlibservices@urs.edu.ph

Visit our Website www.urs.edu.ph/library